000
00269nam a2200109Ia 4500
100
_a
Duthie/Andrew G
942
_c
BK
654
_a
ASP.NET
245
_a
Microsoft ASP.NET programming with microsoft visual Basic C.NET
260
_b
Pearson Education
546
_a
ENGLISH
999
_c
34313
_d
34313